Introducción al análisis matemático (Registro nro. 1248)

Detalles MARC
000 -LEADER
fixed length control field 00884 a2200229 4500
001 - CONTROL NUMBER
control field 24971
005 - DATE AND TIME OF LATEST TRANSACTION
control field 20260407155532.0
008 - FIXED-LENGTH DATA ELEMENTS--GENERAL INFORMATION
fixed length control field 260407a1991 arg spa d
003 - CONTROL NUMBER IDENTIFIER
control field AR-UNSa-BCEJYS
040 ## - CATALOGING SOURCE
Original cataloging agency AR-UNSa-BCEJYS
Language of cataloging spa
Transcribing agency AR-UNSa-BCEJYS
080 ## - UNIVERSAL DECIMAL CLASSIFICATION NUMBER
Universal Decimal Classification number 517.5
Common auxiliary subdivision Teoría de funciones
020 ## - INTERNATIONAL STANDARD BOOK NUMBER
International Standard Book Number 978-950-02-5293-5
041 ## - LANGUAGE CODE
Language code of text/sound track or separate title spa
100 1# - MAIN ENTRY--PERSONAL NAME
Personal name Rabuffetti, Hebe T.
245 10 - TITLE STATEMENT
Title Introducción al análisis matemático
Name of part/section of a work Cálculo 1
250 ## - EDITION STATEMENT
Edition statement 11a. ed
264 #1 - PRODUCTION, PUBLICATION, DISTRIBUTION, MANUFACTURE, AND COPYRIGHT NOTICE
Place of production, publication, distribution, manufacture Buenos Aires :
Name of producer, publisher, distributor, manufacturer El Ateneo
Date of production, publication, distribution, manufacture, or copyright notice 1991
300 ## - PHYSICAL DESCRIPTION
Extent 499 p.
Dimensions 23 cm.
505 ## - FORMATTED CONTENTS NOTE
Formatted contents note 1. Nociones Previas - 2. Conjuntos de puntos - 3. Funciones escalares - 4. Límite funcional - 5. Continuidad - 6. Derivada - 7. Máximos y mínimos - 8. Fórmula de Taylor - 9. Sucesiones numéricas - 10. Series numéricas - 11. Primitivas - 12.Integral definida.
590 ## - LOCAL NOTE (RLIN)
Local note niveau_biblio:m niveau_hierar:0
942 ## - ADDED ENTRY ELEMENTS (KOHA)
Koha item type
Existencias
Withdrawn status Lost status Damaged status Not for loan Home library Current library Shelving location Date acquired Total checkouts Full call number Barcode Date last seen Price effective from Koha item type Public note
        Biblioteca Prof. Eusebio Cleto del Rey Biblioteca Prof. Eusebio Cleto del Rey   07/04/2026   517.5 R117 v.1 11ed. L58040 07/04/2026 07/04/2026 Libro SUBRAYADO CON LÁPIZ NEGRO - LAPICERA AZUL PÁG 125 - RESALTADOR CELESTE PÁG 67 A 69 - MANCHADO EN PÁG 278 A 284, 356 A 359, 133 - ÚLTIMAS PÁGINAS DAÑADAS
        Biblioteca Prof. Eusebio Cleto del Rey Biblioteca Prof. Eusebio Cleto del Rey   07/04/2026   517.5 R117 v.1 11ed. L58070 07/04/2026 07/04/2026 Libro MANCHADO - LÁPIZ - ÚLTIMAS HOJAS DAÑADAS - 1° PÁG PEGADA CON CINTA - LAPICERA EN PÁG 28 - CANTO INFERIOR MANCHADO CON ROSA
        Biblioteca Prof. Eusebio Cleto del Rey Biblioteca Prof. Eusebio Cleto del Rey   07/04/2026   517.5 R117 v.1 11ed. L58067 07/04/2026 07/04/2026 Libro PARTIDO EN PÁG 150 - LÁPIZ EN PÁG 14 A 17, 57 - TAPA UN POCO ROTA Y PEGADA CON CINTA